Countries With the Fastest Internet Quiz Stats

Quiz Updated Jul 3, 2014

Challenge
Share
Tweet
Embed
Score 0/20 Timer 04:00
8 Plays Today
Rank Country % Correct
18United Kingdom
91.6%
17France
90.6%
4Sweden
85.7%
19Norway
83.1%
20Finland
80.4%
14Denmark
76.1%
3South Korea
72.8%
7Netherlands
71.3%
5Switzerland
71.1%
13Belgium
69.4%
Rank Country % Correct
11Iceland
59.2%
12Luxembourg
58.7%
1Singapore
49.1%
8Taiwan
43.9%
9Andorra
37.8%
10Latvia
36%
6Lithuania
34.3%
2Romania
27.3%
15Bulgaria
22.4%
16Moldova
13.6%

You're not logged in!

Compare scores with friends on all Sporcle quizzes.
Join for Free
OR
Log In

You Might Also Like...

Show Comments

Extras

Top Quizzes Today


Score Distribution

Your Account Isn't Verified!

In order to create a playlist on Sporcle, you need to verify the email address you used during registration. Go to your Sporcle Settings to finish the process.

Report this User

Report this user for behavior that violates our Community Guidelines.

Details: